| 000 | 00805nam a22001695i 4500 | ||
|---|---|---|---|
| 001 | 163805 | ||
| 003 | ES-MaACL | ||
| 005 | 20230906212820.0 | ||
| 008 | 050718s1871 sp | |||||||| ||spa d | ||
| 040 |
_aCAM _bspa _cCAM |
||
| 100 | 1 |
_aRodríguez Rubí, Juan. _9131952 |
|
| 245 | 1 | 0 |
_aDesde el tendido _b: comedia en un acto y en verso / _coriginal de Juan Rodríguez Rubí. |
| 260 |
_aMadrid : _bLibería de Cuesta, _c1871 ( _fTipog. de G. Estrada) |
||
| 300 |
_a32 p. ; _c18 cm. |
||
| 500 | _aEn port.: Estrenada en el teatro Martin de esta corte, en la noche del 15 de diciembre de 1871. | ||
| 852 |
_aES-MaACL _jF-8586(1) _z-- Enc. pasta española _z-- Dedicatoria ms.: del autor a Francisco Domingo _z-- Enc. en un vol. facticio, formando parte de la col. facticia: "Teatro español moderno" vol. 39 |
||
| 999 |
_c163805 _d163805 |
||